Kriminalita mladistvých na Slovensku

Štruktúra kriminality mladistvých v porovnaní so štruktúrou kriminality dospelých. Priestorová dimenzia kriminality. Metóda poradí. Metóda hlavných komponentov.

Salvato in:
Dettagli Bibliografici
Autore principale: Labudová, Viera, 1958-
Natura: Capitolo di libro
Lingua:slovacco
Soggetti:
Tags: Aggiungi Tag
Nessun Tag, puoi essere il primo ad aggiungerne!!

MARC

LEADER 00000naa$a2200000$$$4500
001 0108850
005 20240502072212.2
041 0 |a slo 
044 |a SK 
245 1 0 |a Kriminalita mladistvých na Slovensku  |c Viera Labudová 
520 |a Štruktúra kriminality mladistvých v porovnaní so štruktúrou kriminality dospelých. Priestorová dimenzia kriminality. Metóda poradí. Metóda hlavných komponentov. 
610 2 0 |a kriminalita 
610 2 0 |a mladiství 
610 2 0 |a činnosť trestná 
610 2 0 |a mládež 
610 2 0 |a analýza zhluková 
610 2 0 |a metódy štatistické 
610 2 0 |a kraje 
610 2 0 |a okresy 
610 2 0 |a Slovensko 
100 1 |a Labudová, Viera, 1958-